000 00423nam a2200181Ia 4500
001 9202
005 20260306160706.0
008 260306t2023||||xx |||||||||||||| ||spa||
041 _aESP
082 _a375
_bN91
100 _aNull, Wesley,
_eAUT
245 0 _aCurriculum :
_bfrom theory to practice
260 _c2023
300 _a341 páginas :
_c25 cm.
650 _aGEN
654 _aCED
942 _cLIB
_dJUS
_fJUS
_2ddc
_n
999 _c9202
_d9202